Statystyki dla Kraje produkujące najwięcej samochodów.

Kliknij tutaj aby rozwiązać quiz!

Ogólne statystyki

  • Ten quiz został rozwiązany 259 razy
  • Średni wynik to 8 z 10

Statystyki odpowiedzi

Samochody na minutę.Kraj% Poprawnych
8,9Niemcy
99%
20,7Stany Zjednoczone
98%
48,9Chiny
94%
18,4
Japonia
93%
4,2Francja
89%
5,4Hiszpania
76%
8,6Indie
74%
7,5Korea Południowa
69%
5,6Brazylia
64%
7,6Meksyk
57%

Rozkład punktacji

Percentyl według liczby udzielonych odpowiedzi

Procent ludzi z każdym wynikiem

Twoja historia wyników

Nie rozwiązałeś tego quizu